000 00668cam a2200229M 4500
001 47409
005 20230410101649.0
008 020102s2000 ht 000 0 fre d
035 _a(OCoLC)ocm58770233
040 _aN15
_cN15
035 _a(OCoLC)58770233
050 1 4 _a110 F 1928.2
_bH153 2000
245 1 0 _aHaíti 1999 au quotidien /
_cSous la direction de Venel Remarais
260 _aHaíti :
_bEditions Agence Haitienne de Presse,
_c2000.
300 _a113 P.
650 4 _aCEH
650 4 _aColección Estudios Haitianos
651 0 _aHaiti
_xPolitics and government
_yChronology
700 1 _aRemarais, Venel,
942 _2lcc
_cbk
994 _aC0
_bDRFGD
999 _c11811
_d11811